Lessing's Werke (Record no. 157595)

MARC details
000 -LEADER
campo de control de longitud fija 00751nam a22002055i 4500
001 - NÚMERO DE CONTROL
campo de control 157595
003 - IDENTIFICADOR DE NÚMERO DE CONTROL
campo de control ES-MaACL
005 - FECHA Y HORA DE LA ÚLTIMA TRANSACCIÓN
campo de control 20250729063230.0
008 - DATOS DE LONGITUD FIJA--INFORMACIÓN GENERAL
campo de control de longitud fija 040902q18801900gw af |||| | ger d
040 ## - FUENTE DE CATALOGACIÓN
Centro catalogador/agencia de origen CAM
Lengua de catalogación spa
Centro/agencia transcriptor CAM
100 1# - ENTRADA PRINCIPAL--NOMBRE DE PERSONA
Nombre de persona Lessing, Gotthold Ephraim,
Fechas asociadas al nombre 1729-1781
9 (RLIN) 71851
245 10 - MENCIÓN DEL TÍTULO
Título Lessing's Werke
Resto del título : in sechs Bänden.
260 ## - PUBLICACIÓN, DISTRIBUCIÓN, ETC.
Lugar de publicación, distribución, etc. Leipzig :
Nombre del editor, distribuidor, etc. Druck und Verlag von Philipp Reclam jun.,
Fecha de publicación, distribución, etc. [s.a.]
300 ## - DESCRIPCIÓN FÍSICA
Extensión 2 v. (600, 340, [1] h. de lám.; 320, 299, 370 p., [6] h. de lám.) :
Otras características físicas il. ;
Dimensiones 17 cm.
596 ## - NOTA AL PIE DE IMPRENTA
NOTA AL PIE DE IMPRENTA Impreso ca. a finales del S. XIX.
597 ## - NOTA DE DESCRIPCIÓN FÍSICA
NOTA DE DESCRIPCIÓN FÍSICA 6 t. en 2 v.
597 ## - NOTA DE DESCRIPCIÓN FÍSICA
NOTA DE DESCRIPCIÓN FÍSICA La secuencia de 600 p. corresponde a los t. I-II.
852 ## - LOCALIZACIÓN
Ubicación ES-MaACL
Número de control de estantería G-432-33
Nota libre -- Enc. tela grabada
Holdings
Estatus retirado Estado de pérdida Estado de daño No para préstamo Biblioteca de origen Biblioteca actual Ubicación en estantería Fecha de adquisición Total de préstamos Signatura topográfica completa Código de barras Visto por última vez Precio de reemplazo Tipo de ítem Koha
        Biblioteca del Ateneo de Madrid Biblioteca del Ateneo de Madrid Depósito 2 17/01/2008   G-432-33 1164918 23/02/2023 23/02/2023 Libro impreso